00764nam a2200181 i 450000100060000000300090000600500170001500700030003200800410003510000350007624501960011126000600030730000220036750000670038970000400045671000630049685200230055933341ES-MaACL20240508152846.0t|030202s1935 sp ||||1| spa d1 aBesteiro, Julián,d1870-194010aMarxismo y antimarxismo b: discurso leído por Julián Besteiro en el acto de su recepción / cJulián Besteiro ; contestación del presidente de la República Niceto Alcalá-Zamora. aMadrid : b[s.n., c1935] (fEst. tip. San Bernardo 82) a173 p. ; c25 cm. aPrecede al tít.: Academia de Ciencias Morales y Políticas.1 aAlcalá Zamora, Niceto,d1877-19492 aReal Academia de Ciencias Morales y Políticas (España) aES-MaACLj1800-F-2